Touchin on my - 3OH!3 (lyrics) - Statistics

General Stats
  • This quiz has been taken 3 times
  • The average score is 184 of 389
Answer Stats
Answer % Correct
My
100%
To
100%
A
50%
And
50%
Are
50%
Back?
50%
Back,
50%
Back
50%
Can
50%
'Cause
50%
'cause
50%
Come
50%
Dance
50%
Don't
50%
Fast
50%
Fine
50%
Finished
50%
Girl,
50%
Give
50%
Go
50%
Gonna
50%
Got
50%
Gotta
50%
How
50%
I
50%
If
50%
I'm
50%
Know
50%
Ladies
50%
Like
50%
Me
50%
Me,
50%
Mind
50%
Minds
50%
Mine
50%
No
50%
Now
50%
Of
50%
On
50%
One
50%
Our
50%
Plenty
50%
Puttin'
50%
Say
50%
Show
50%
Slow
50%
So,
50%
Some
50%
Take
50%
That
50%
That,
50%
The
50%
Thing
50%
Time
50%
Too
50%
Touchin'
50%
T-t-touchin'
50%
Walk
50%
Walk,
50%
Wanna,
50%
Want
50%
Way
50%
We
50%
While
50%
With
50%
Won't
50%
Worry
50%
You
50%
You,
50%
Your
50%
You're
50%
Ask
0%
Baby,
0%
Be
0%
Can't
0%
Down
0%
Figure
0%
Get
0%
I'll
0%
Just
0%
Let's
0%
Make
0%
Much
0%
Not
0%
Out
0%
Should
0%
Sign
0%
Skip
0%
Stop
0%
Stop,
0%
Tell
0%
There's
0%
Yours
0%
No matching quizzes found
Score Distribution
Percent of People with Each Score
Percentile by Number Answered
Your Score History
You have not taken this quiz